00370nam a2200145Ia 450000500170000000800460001703700120006304000210007504100130009608400220010910000190013124500190015026000470016930000080021620250508151454.0008 250505s9999 xx 000 0 eng d aTextual aFEDL bengcFEDL aeng2eng a824.82, GASqFEDL aGascoyne David 0aThomas Carlyle aLondon, UKbLongmans, Green and Co. c1952 a44p